01567nam a2200361 a 450000500170000000800410001702000150005804100080007310000310008124500560011225000110016826000410017930000170022050001360023765300230037365300240039665300310042065300380045165300480048965300180053765300180055565300210057365300410059465300410063565300480067665300360072465300600076065300990082065300680091965300800098765300980106770000400116520240516131729.0100311s2005||||sp d f |||| 001 0 spa d a9871113226 aspa1 aMarchant, NéstoreCoord. aTratado de Psiquiatría.nT.2 /cNéstor Marchant a1a ed. aBuenos Aires: bGrupo Guía;c2005. a1013-2095 p. aMarchant, N. y Monchalon Espinoza, A. (Coords.). (2005). Tratado de Psiquiatría. T.2 (1a ed.). Buenos Aires : Grupo Guía ; AAP. aNeuropsiquiatría aGerontopsiquitría aUrgencias en psiquiatría aPsiquiatría en Medicina General aMétodos de diagnóstico en psiquiatría aTerapéutica aPsicoterapias aRehabilitación aPsiquiatría basada en la evidencia aEtica y psiquiatría Médico-Legal aOrganización y gestión en psiquiatría aCapacitación en psiquiatría aAnexo 1: La enfermedad psíquica de Vincent Van Gogh.  aAnexo 2: Hcia una clasificación de las enfermedades mentales (criterio clínico y pericial) aAnexo 3: Corteza orbitaria anterior y comportamiento antisocial aAnexo 4: Corteza orbitotemporal (corteza basal) y comportamiento antisocial aAnexo 5: Los medios masivos y su relación con la cultura posmoderna o el modernismo decaido1 aMonchalon Espinoza, AlbertoeCoord.